000 01454cam a2200277 i 4500
003 SA-RiAUC
005 20250212063424.0
008 250211s1990 ||| g 00000 ara c
040 _aSA-JeALM
_bara
_cSA-RiAUC
_erda
082 0 4 _a227.6
090 _a227.6
_bن و و
100 1 _aنووي الجاوي، محمد بن عمر بن عربي،
_d1230-1316 هجري
_eمؤلف.
245 1 0 _aمراح لبيد - تفسير النووي لكشف معنى قرآن المجيد،/
_bالتفسير المنير لمعالم التنزيل المسفر عن وجوه محاسن التأويل
_cمحمد بن عمر نووي الجاوي. بهامشه كتاب الوجيز في تفسير القرآن العزيز / للواحدي.
246 3 3 _aالتفسير المنير لمعالم التنزيل
264 1 _a[مكان النشر غير محدد] :
_bدار الفكر،
_c( ما بين 1900 الى 1999 )
300 _a2 مجلد
336 _aنص
_btxt
_2rdacontent
_3كتاب
337 _aبدون وسيط
_bn
_2rdamedia
338 _aمجلد
_bnc
_2rdacarrier
630 2 7 _aالقرآن
_xتفاسير حديثة
_2aucut
700 1 2 _aالواحدي، علي بن أحمد بن محمد،
_dتوفي 468 هجري.
_tالوجيز في تفسير القرآن العزيز.
730 2 2 _aالقرآن
740 2 2 _aالوجيز في تفسير القرآن العزيز.
942 _2ddc
_cBOOK
_n0
949 _aSA-JeALM
_d250211
_uosman123
_n1
999 _c5849
_d5849